<?xml version="1.0" encoding="UTF-8"?>
<record
    xmlns:xsi="http://www.w3.org/2001/XMLSchema-instance"
    xsi:schemaLocation="http://www.loc.gov/MARC21/slim http://www.loc.gov/standards/marcxml/schema/MARC21slim.xsd"
    xmlns="http://www.loc.gov/MARC21/slim">

  <leader>02072cam a2200301   4500500</leader>
  <controlfield tag="005">20260208000945.0</controlfield>
  <datafield tag="041" ind1=" " ind2=" ">
    <subfield code="a">fre</subfield>
  </datafield>
  <datafield tag="042" ind1=" " ind2=" ">
    <subfield code="a">dc</subfield>
  </datafield>
  <datafield tag="100" ind1="1" ind2="0">
    <subfield code="a">Fallery, Bernard</subfield>
    <subfield code="e">author</subfield>
  </datafield>
  <datafield tag="700" ind1="1" ind2="0">
    <subfield code="a">Rodhain, Florence</subfield>
    <subfield code="e">author</subfield>
  </datafield>
  <datafield tag="245" ind1="0" ind2="0">
    <subfield code="a">La m&#xE9;diation scientifique&#xA0;: passeuse de science&#xA0;? Le cas du proc&#xE8;s de l&#x2019;Intelligence Artificielle</subfield>
  </datafield>
  <datafield tag="260" ind1=" " ind2=" ">
    <subfield code="c">2024.
							</subfield>
  </datafield>
  <datafield tag="500" ind1=" " ind2=" ">
    <subfield code="a">56</subfield>
  </datafield>
  <datafield tag="520" ind1=" " ind2=" ">
    <subfield code="a">La m&#xE9;diation scientifique permet non seulement la vulgarisation scientifique mais &#xE9;galement la r&#xE9;flexivit&#xE9;. Elle est d&#xE9;sormais utilis&#xE9;e de plus en plus par les scientifiques, elle est m&#xEA;me encourag&#xE9;e par certaines &#xE9;coles doctorales.Dans cet article, nous pr&#xE9;sentons dans un premier temps une r&#xE9;flexion th&#xE9;orique sur la m&#xE9;diation scientifique, puis nous pr&#xE9;sentons le cas du &#xAB;&#xA0;vrai-faux&#xA0;&#xBB; proc&#xE8;s de l&#x2019;Intelligence Artificielle, pi&#xE8;ce de th&#xE9;&#xE2;tre dont une partie a &#xE9;t&#xE9; jou&#xE9;e par les auteurs de cet article devant le public assistant &#xE0; la conf&#xE9;rence M&#x2019;2022 en octobre 2022 &#xE0; Al&#xE8;s.</subfield>
  </datafield>
  <datafield tag="520" ind1=" " ind2=" ">
    <subfield code="a">Scientific mediation allows not only scientific popularisation but also reflexivity. It is now used more and more by scientists and is even encouraged by some doctoral schools.In this article, we first present a theoretical reflection on scientific mediation, then we present the case of the &#x201C;real-fake&#x201D; trial of Artificial Intelligence, a play of which a part was performed by the authors of this article in front of the public attending the M&#x2019;2022 conference in October.</subfield>
  </datafield>
  <datafield tag="690" ind1=" " ind2=" ">
    <subfield code="a">Intelligence Artificielle</subfield>
  </datafield>
  <datafield tag="690" ind1=" " ind2=" ">
    <subfield code="a">m&#xE9;diation scientifique</subfield>
  </datafield>
  <datafield tag="690" ind1=" " ind2=" ">
    <subfield code="a">r&#xE9;flexivit&#xE9;</subfield>
  </datafield>
  <datafield tag="690" ind1=" " ind2=" ">
    <subfield code="a">th&#xE9;&#xE2;tre</subfield>
  </datafield>
  <datafield tag="690" ind1=" " ind2=" ">
    <subfield code="a">vulgarisation</subfield>
  </datafield>
  <datafield tag="690" ind1=" " ind2=" ">
    <subfield code="a">Artificial intelligence</subfield>
  </datafield>
  <datafield tag="690" ind1=" " ind2=" ">
    <subfield code="a">popularisation</subfield>
  </datafield>
  <datafield tag="690" ind1=" " ind2=" ">
    <subfield code="a">reflexivity</subfield>
  </datafield>
  <datafield tag="690" ind1=" " ind2=" ">
    <subfield code="a">scientific mediation</subfield>
  </datafield>
  <datafield tag="690" ind1=" " ind2=" ">
    <subfield code="a">theatre</subfield>
  </datafield>
  <datafield tag="786" ind1="0" ind2=" ">
    <subfield code="n">Management des technologies organisationnelles | 15 | 2 | 2024-07-24 | p. 13-31 | 2553-3851</subfield>
  </datafield>
  <datafield tag="856" ind1="4" ind2="1">
    <subfield code="u">https://shs.cairn.info/revue-management-des-technologies-organisationnelles-2022-2-page-13?lang=fr&amp;redirect-ssocas=7080</subfield>
  </datafield>
  <datafield tag="999" ind1=" " ind2=" ">
    <subfield code="c">1644039</subfield>
    <subfield code="d">1644039</subfield>
  </datafield>
</record>
